1921 1255 1196 1662 1948 1368 1099 1789 1939 1016 1367 1207 1909 1891 1709 1652 1577 1126 1291 1089 1125 1955 1101 1663 1930 1882 1281 1088 1497 1396 1488 1836 1956 1838 1752 1484 1385 1101 1182 1526 1443 1407 1496 1916 1476 1199 1360 1029 1998 1562 1795 1626 1484 1665 1491 1778 1599 1660 1681 1087 1887 1121 1323 1562 1017 1070 1168 1991 1423 1319 1847 1849 1282 1540 1083 1120 1915 1216 1392 1558 1902 1220 1324 1723 1867 1662 1140 1158 1019 1387 1325 1072 1750 1478 1066 1551 1664 1038 1983 BCNSPRNW ULIB Ver.6.0+V

เปลี่ยนเป็นภาษาไทย

Change to English
 แสดงรายละเอียดบรรณานุกรม
  กลับหน้าหลัก

Brief Record : Get Marc (ISO 2709) : E-mail record : QR code < ปิดหน้าต่าง
LEADER : 00000nam 2200000uu 4500
001    13399111925
003     ULIB
008    110627s2551||||th 000 0 tha d
020    9789741000913
090    นว.^bต393ส 2551
100 0  ติยาภัทร
245 00 สุดรอยทราย ใต้เงาจันทร์/^cติยาภัทร
260    กรุงเทพฯ :^bcome on,^c2551
300    320 หน้า
710 1  come on
945    ^p220^l0^i023600
995    ทศพร
999 ^a ใช้งานได้ทุกระบบ
รายการนี้ยังไม่มีแท็ก
คุณยังไม่ได้ล็อกอิน คุณสามารถมีกิจกรรมร่วมกับเว็บไซต์ได้ แต่ต้องล็อกอินก่อน ::
  ล็อกอิน

รายการสื่อสารสนเทศ

ลำดับที่ ประเภท เลขเรียก/บาร์โค้ด สถานที่ สถานะ
- ไม่พบข้อมูล -

BibComment


ยังไม่เคยถูกคอมเมนท์

คอมเมนท์ทรัพยากรรายการนี้
  คอมเมนท์: สุดรอยทราย ใต้เงา..


 Copyright 2026. Bcnsprnw @Library